000 00248nam a2200097Ia 4500
001 993452
005 20250826221408.0
008 250824s9999 xx 000 0 und d
245 0 _aESRARENGİZ KASABA ÇİFTE DIPPER
_cDİSNEY
260 _bBETA YAYINLARI
999 _c993452
_d993452